• 首页
  • 本馆介绍
  • 公告通知
  • 最新文献
  • 馆藏检索
  • 电子资源
  • 读者导购
  • 参考咨询
  • 我的图书馆
  • 登录
  • 详细信息显示
  • 放入我的书架
  • 预约/预借图书
  • 作者相关作品
  • 分类相关作品
  • 丛书相关作品
  • 出版社相关作品

书目信息

  • 表格格式
  • 工作单格式
  • 卡片格式
题名:
油气资源税费管理常用法律法规汇编
    
 
作者: ;自然资源部油气资源战略研究中心 编
分册:  
出版信息: 北京   地质出版社  2019
页数: 101页
开本: 19cm
丛书名:
单 册:
中图分类: D922.220.9 , D922.2
科图分类:
主题词: 油气资源--税法--中国--汇编
电子资源:
ISBN: 978-7-116-11938-3
000 00932nam0 2200229 450
001 2368021586
005 20230928185358.99
010    @a978-7-116-11938-3@dCNY32.00
100    @a20210817d2019 em y0chiy50 ea
101 0  @achi
102    @aCN@b110000
105    @ay n 000yy
200 1  @a油气资源税费管理常用法律法规汇编@Ayou qi zi yuan shui fei guan li chang yong fa lv fa gui hui bian@f自然资源部油气资源战略研究中心编
210    @a北京@c地质出版社@d2019
215    @a101页@d19cm
330    @a本书分为法律法规、行政法规、规范性文件三个部分,涵盖了中华人民共和国资源税法、中华人民共和国矿产资源法实施细则、国家税务总局关于修改部分税收规范性文件的公告等内容。
606 0  @a油气资源@x税法@y中国@j汇编
690    @aD922.220.9@v5
690    @aD922.2@v4
711 02 @a自然资源部油气资源战略研究中心@Azi ran zi yuan bu you qi zi yuan zhan lue yan jiu zhong xin@4编
801  0 @aCN@b山东中教@c20230928
905    @aBZT@dD922.2@e21
    
    油气资源税费管理常用法律法规汇编/自然资源部油气资源战略研究中心编.-北京:地质出版社,2019
    101页;19cm
    
    
    ISBN 978-7-116-11938-3:CNY32.00
    本书分为法律法规、行政法规、规范性文件三个部分,涵盖了中华人民共和国资源税法、中华人民共和国矿产资源法实施细则、国家税务总局关于修改部分税收规范性文件的公告等内容。
●
相关链接 在五车中查询图书 在当当中查询图书 在豆瓣中查询图书


正题名:油气资源税费管理常用法律法规汇编     索取号:D922.2/21         预约/预借

序号 登录号 条形码 馆藏地/架位号 状态 备注
1 2000969061   2000969061   315书库/四5架A面5层1列/ [索取号:D922.2/21] 在馆    
2 2000969062   2000969062   315书库/四5架A面5层1列/ [索取号:D922.2/21] 在馆    
3 2000969063   2000969063   315书库/四5架A面5层1列/ [索取号:D922.2/21] 在馆    
4 2000969064   2000969064   315书库/四5架A面5层1列/ [索取号:D922.2/21] 在馆    
5 2000969065   2000969065   315书库/四5架A面5层1列/ [索取号:D922.2/21] 在馆    
6 2000969066   2000969066   315书库/四5架A面5层1列/ [索取号:D922.2/21] 在馆    
山东省滨州职业学院图书馆 欢迎您!
大连网信软件有限公司© 版权所有